000
00272nam a22001337a 4500
003
SGT
020
_a
9781032555232
082
_a
777.7
_b
HAI
100
_a
HAILEY TINA O
245
_a
RIG IT RIGHT
260
_a
UK
_b
CRC PRESS
_c
2024
300
_a
307
942
_2
ddc
_c
BK
999
_c
34680
_d
34680